Normal view
MARC view
- New business enterprises
Entry Topical Term
001 - CONTROL NUMBER
- control field: 14675
003 - CONTROL NUMBER IDENTIFIER
- control field: OSt
005 - DATE AND TIME OF LATEST TRANSACTION
- control field: 20250826204035.0
008 - FIXED-LENGTH DATA ELEMENTS
- fixed length control field: 250826|| aca||aabn | a|a d
040 ## - CATALOGING SOURCE
- Original cataloging agency: OSt
- Transcribing agency: OSt
150 ## - HEADING--TOPICAL TERM
- Topical term or geographic name entry element: New business enterprises
- General subdivision: Management
670 ## - SOURCE DATA FOUND
- Source citation: Work cat.: (OSt)5807: Katz, Jerome A. 14673, Entrepreneurial small business /, c2009.